Welche Stadt mit -burg? - Statistiken

Allgemein
  • Dieses Quiz wurde 158 mal gespielt
  • Das Durchschnittsergebnis liegt bei 13 aus 18
Antwortstatistiken
Hinweis -burg % Korrekt
Hier kann man Punkte sammeln Flensburg
96%
Hier sitzt Volkswagen Wolfsburg
91%
Bekannt für die "Puppenkiste" Augsburg
89%
Mittelstadt im Süden Baden-Württembergs, bekannt für Gesellschaftsspiele und Puzzles Ravensburg
87%
Größte deutsche Stadt mit dem Suffix -burg Hamburg
85%
Landeshauptstadt von Sachsen-Anhalt Magdeburg
85%
Südlichste Großstadt Deutschlands an der Dreisam Freiburg im Breisgau
82%
Heißt genauso wie ihr Bundesland Brandenburg an der Havel
73%
Drittgrößte Stadt Niedersachsens an der Hunte, eine Kleinstadt in Schleswig-Holstein heißt genauso Oldenburg
67%
In dieser bayrischen Großstadt liegt der nördlichste Punkt der Donau Regensburg
67%
Hessische Universitätsstadt an der Lahn Marburg
65%
Mittelstadt im Osten des Saarlandes, ihr Fußballverein spielte in den 80ern kurz in der Bundesliga Homburg
62%
Hier mündet die Ruhr in den Rhein Duisburg
60%
Hansestadt im Nordosten Niedersachsens, größter Ort an der Bahnstrecke Hamburg-Hannover Lüneburg
60%
Mittelstadt im äußersten Nordwesten Bayerns Aschaffenburg
58%
Großstadt am Main Würzburg
56%
Kreisstadt des Ortenaukreises, 20 km östlich von Straßburg Offenburg
50%
Kreisstadt des Landkreises Barnim nördlich von Berlin Oranienburg
28%
Keine übereinstimmenden Quizze gefunden
Verteilung der Resultate
Anzahl Personen mit jedem Resultat
Perzentil nach korrekt beantworteten Fragen
Ihre Resultats-Entwicklung
Sie haben dieses Quiz noch nicht gespielt